| 000 | 00711nab a2200217 a 4500 | ||
|---|---|---|---|
| 005 | 20210219160744.0 | ||
| 008 | 991125s1985 mx 000 0 spa u | ||
| 035 | _aUPN01000171887 | ||
| 100 | 1 | _aRamírez Casallas, John Freddy | |
| 222 | _aINVESTIGACION EN LA ESCUELA | ||
| 245 | _a¿ El cambio de imágen sobre la ciencia conlleva una transformación de la enseñanza de la física ? : un obstáculo en la evolución de la práctica profesional | ||
| 260 | _aSevilla, España | ||
| 300 | _a37-47 | ||
| 362 | 0 | _a2008 No. 65 | |
| 653 | 0 | _aNUEVAS TECNOLOGIAS | |
| 653 | 0 | _aCIENCIA | |
| 653 | 0 | _aPRACTICA DOCENTE | |
| 700 | 1 | _aMorales Oliveros, Edna Eliana, | |
| 700 | 1 | _ecoaut. | |
| 905 | _aArticulo | ||
| 999 |
_c143991 _d143991 |
||